[Event "4NCL Division 3 North"]
[Site "Wakefield, ENG"]
[Date "2017.04.30"]
[Round "10.51"]
[White "Livesey, R Nigel"]
[Black "Levens, David G"]
[Result "0-1"]
[WhiteElo "1870"]
[BlackElo "1954"]
[PlyCount "82"]
[EventDate "2017.04.30"]
[WhiteTeam "Manchester Manticores 4"]
[BlackTeam "Ashfield Breadsall 2"]

1. c4 e6 2. g3 f5 3. Bg2 Nf6 4. Nf3 d6 5. d3 Be7 6. Nc3 O-O 7. O-O e5 8. c5
Nbd7 9. Qb3+ Kh8 10. cxd6 cxd6 11. Ng5 Nc5 12. Qc4 Qe8 13. b4 Na6 14. Ba3 d5
15. Qb3 Nc7 16. Nf3 d4 17. Nb1 Bd6 18. Nbd2 b5 19. Qc2 Bb7 20. Nb3 Rc8 21. Qd2
Ncd5 22. Nc5 Ba8 23. Rfc1 Qe7 24. Ng5 Nc3 25. Bxa8 Rxa8 26. Nge6 Rfc8 27. e3
Bxc5 28. Nxc5 Nfd5 29. exd4 exd4 30. Re1 Qf7 31. Bb2 f4 32. Ne6 f3 33. Nxd4 Qh5
34. Bxc3 Nxc3 35. Re3 Qg4 36. Nxf3 Nd5 37. Ne5 Qd4 38. Nf7+ Kg8 39. Nh6+ gxh6
40. Rc1 Rxc1+ 41. Qxc1 Nxe3 0-1

[Event "4NCL Division 3 North"]
[Site "Wakefield, ENG"]
[Date "2017.04.30"]
[Round "10.52"]
[White "Somton, Anita"]
[Black "Taylor, Mark"]
[Result "1-0"]
[WhiteElo "1952"]
[BlackElo "1847"]
[PlyCount "95"]
[EventDate "2017.04.30"]
[WhiteTeam "Ashfield Breadsall 2"]
[BlackTeam "Manchester Manticores 4"]

1. d4 Nf6 2. c4 e6 3. g3 Bb4+ 4. Bd2 Qe7 5. Bg2 Bxd2+ 6. Qxd2 c5 7. Nf3 O-O 8.
O-O d5 9. cxd5 Nxd5 10. dxc5 Qxc5 11. Rc1 Qb6 12. Qc2 Nd7 13. a3 h6 14. e4 Ne7
15. Nbd2 e5 16. Nc4 Qe6 17. Rd1 b5 18. Nd6 Ba6 19. Rac1 Nb6 20. Qc5 f6 21. Nxb5
Bxb5 22. Qxb5 Rac8 23. h3 Nc6 24. a4 Nb8 25. a5 Nc4 26. Bf1 Nd6 27. Qb4 Rxc1
28. Rxc1 Kh7 29. Rd1 Rd8 30. Kg2 Nc6 31. Qa4 Rc8 32. Ba6 Rc7 33. Bd3 Nb7 34. b4
Qd6 35. Bb5 Nd4 36. Nxd4 exd4 37. Bd3 g6 38. Rd2 h5 39. a6 Nd8 40. Rc2 Re7 41.
b5 h4 42. Qc4 hxg3 43. fxg3 Ne6 44. Qc8 Qe5 45. Qc6 Qg5 46. Qd6 f5 47. exf5
gxf5 48. Bxf5+ 1-0

[Event "4NCL Division 3 North"]
[Site "Wakefield, ENG"]
[Date "2017.04.30"]
[Round "10.53"]
[White "Lonsdale, Jon I"]
[Black "Flynn, David"]
[Result "1/2-1/2"]
[WhiteElo "1817"]
[BlackElo "1872"]
[PlyCount "82"]
[EventDate "2017.04.30"]
[WhiteTeam "Manchester Manticores 4"]
[BlackTeam "Ashfield Breadsall 2"]

1. e4 c5 2. c3 d5 3. exd5 Qxd5 4. d4 Nf6 5. Nf3 Bg4 6. dxc5 Qxc5 7. Na3 a6 8.
Be3 Qc7 9. Qb3 Nbd7 10. Be2 e6 11. h3 Bf5 12. Qc4 Bd6 13. Nd4 Be4 14. Qxc7 Bxc7
15. Bf3 O-O 16. O-O Bxf3 17. gxf3 Nd5 18. Nc4 Nf4 19. Bxf4 Bxf4 20. Rad1 Nf6
21. Ne3 Rfd8 22. Ne2 Bc7 23. Rxd8+ Rxd8 24. Rd1 Rxd1+ 25. Nxd1 Nd5 26. Ne3 Nf4
27. Nxf4 Bxf4 28. Nc4 Kf8 29. Na5 b6 30. Nc6 Bd6 31. Nd4 Ke7 32. Nc2 Kd7 33.
Kf1 Kc6 34. Ke2 Bc5 35. Ne3 Be7 36. b3 Bf6 37. Kd3 Bh4 38. Ke2 b5 39. Nc2 Be7
40. Kd3 Bh4 41. Ke2 Be7 1/2-1/2

[Event "4NCL Division 3 North"]
[Site "Wakefield, ENG"]
[Date "2017.04.30"]
[Round "10.54"]
[White "Taylor, Robert P"]
[Black "Rahulan, Thivyaa"]
[Result "0-1"]
[WhiteElo "1887"]
[BlackElo "1735"]
[PlyCount "116"]
[EventDate "2017.04.30"]
[WhiteTeam "Ashfield Breadsall 2"]
[BlackTeam "Manchester Manticores 4"]

1. d4 f5 2. Bg5 g6 3. e3 Bg7 4. Bc4 Nf6 5. Nd2 e6 6. Ngf3 b6 7. O-O Bb7 8. Ne5
Qe7 9. Bb3 d6 10. Nd3 Nbd7 11. Nf4 d5 12. Rc1 b5 13. Nf3 Qf7 14. Nd3 Ne4 15.
Bf4 Rc8 16. Nfe5 Nxe5 17. Nxe5 Qe7 18. f3 Nd6 19. Qe1 O-O 20. h4 Bf6 21. Bh6
Rfd8 22. g3 Bxe5 23. dxe5 Nf7 24. Bf4 c5 25. c3 Rd7 26. g4 Kh8 27. Qg3 Rcd8 28.
Rf2 d4 29. exd4 cxd4 30. cxd4 Rxd4 31. Be3 Rd3 32. Bxa7 fxg4 33. Bc5 Qe8 34.
Qxg4 Nxe5 35. Qf4 Nxf3+ 36. Kf1 Kg7 37. Be3 e5 38. Qh6+ Kh8 39. h5 Qf8 40.
Qxf8+ Rxf8 41. Bh6 Nh2+ 42. Ke2 Rxf2+ 43. Kxd3 e4+ 44. Kd4 Ng4 45. Bg5 Rf8 46.
Rc7 Ba8 47. hxg6 hxg6 48. Bf7 e3 49. Bxg6 e2 50. Rh7+ Kg8 51. Re7 Bf3 52. Re6
Kg7 53. Be8 Rf5 54. Bh4 Rd5+ 55. Kc3 Rd1 56. Bxb5 Rh1 57. Bg3 Kf7 58. Re8 Rh3
0-1

[Event "4NCL Division 3 North"]
[Site "Wakefield, ENG"]
[Date "2017.04.30"]
[Round "10.55"]
[White "Pollard, Matthew B"]
[Black "Hill, Maurice J"]
[Result "1/2-1/2"]
[WhiteElo "1727"]
[BlackElo "1825"]
[Annotator "Barnes,Lara"]
[PlyCount "50"]
[EventDate "2017.04.30"]
[WhiteTeam "Manchester Manticores 4"]
[BlackTeam "Ashfield Breadsall 2"]

1. c4 Nf6 2. Nc3 g6 3. e4 d6 4. g3 c5 5. Bg2 Nc6 6. Nge2 Bg7 7. O-O O-O 8. Rb1
Bd7 9. a3 a5 10. d3 Rb8 11. h3 Re8 12. Be3 e5 13. Nb5 Qe7 14. Qd2 Rec8 15. Bg5
b6 16. Nec3 Qf8 17. Kh2 Ne8 18. Nd5 f6 19. Be3 Nd4 20. Bxd4 Bxb5 21. Be3 Bd7
22. b4 axb4 23. axb4 Nc7 24. Nxc7 Rxc7 25. f4 Qe8 1/2-1/2

[Event "4NCL Division 3 North"]
[Site "Wakefield, ENG"]
[Date "2017.04.30"]
[Round "10.56"]
[White "Graham, Neil"]
[Black "Norris, Michael J"]
[Result "1/2-1/2"]
[WhiteElo "1814"]
[BlackElo "1690"]
[PlyCount "41"]
[EventDate "2017.04.30"]
[WhiteTeam "Ashfield Breadsall 2"]
[BlackTeam "Manchester Manticores 4"]

1. d4 d5 2. e4 dxe4 3. Nc3 Nf6 4. f3 c6 5. fxe4 e5 6. Nf3 Bb4 7. Qd3 exd4 8.
Nxd4 Qe7 9. Bd2 Bxc3 10. Bxc3 Qxe4+ 11. Be2 Qxd3 12. Bxd3 Nd5 13. Bd2 O-O 14.
O-O Bg4 15. c4 Nf6 16. h3 Bh5 17. Bc3 Nbd7 18. Nf5 Bg6 19. Rad1 Bxf5 20. Bxf5
Rfd8 21. Bc2 1/2-1/2

[Event "4NCL Division 3 North"]
[Site "Wakefield, ENG"]
[Date "2017.04.30"]
[Round "10.61"]
[White "Bramson, Mike"]
[Black "Allis, Richard"]
[Result "0-1"]
[WhiteElo "1883"]
[BlackElo "2045"]
[PlyCount "118"]
[EventDate "2017.04.30"]
[WhiteTeam "Bradford DCA Knights C"]
[BlackTeam "Bradford DCA Knights B"]

1. e4 d5 2. exd5 Nf6 3. Nf3 Nxd5 4. Be2 Nc6 5. d4 Bg4 6. c3 e6 7. Ne5 Nxe5 8.
Bxg4 Nxg4 9. Qxg4 Nf6 10. Qf3 Qd5 11. Nd2 O-O-O 12. O-O Bd6 13. Re1 Qxf3 14.
Nxf3 h6 15. Ne5 Bxe5 16. Rxe5 Rhe8 17. Bf4 Nd5 18. Bg3 g5 19. f3 Ne7 20. Rae1
c6 21. R5e4 Ng6 22. Be5 Nxe5 23. Rxe5 Rd5 24. Kf2 Kd7 25. g3 b5 26. Rxd5+ cxd5
27. f4 g4 28. h3 h5 29. hxg4 hxg4 30. Rh1 b4 31. Ke3 bxc3 32. bxc3 Rb8 33. Rh2
Rb1 34. f5 exf5 35. Kf4 Ke6 36. Kg5 f6+ 37. Kg6 Re1 38. Rh8 Rf1 39. Re8+ Kd7
40. Ra8 f4 41. Rxa7+ Kc8 42. gxf4 g3 43. Kxf6 Rxf4+ 44. Ke5 Rg4 45. Kf5 g2 46.
Kxg4 g1=Q+ 47. Kf4 Qe1 48. Ra5 Qe4+ 49. Kg5 Qe7+ 50. Kh5 Kb7 51. Rc5 Qe2+ 52.
Kg6 Qxa2 53. Kf5 Qe2 54. Kf4 Qe4+ 55. Kg3 Kb6 56. Kf2 Qd3 57. Ke1 Qc2 58. Kf1
Qd2 59. Kg1 Qe2 0-1

[Event "4NCL Division 3 North"]
[Site "Wakefield, ENG"]
[Date "2017.04.30"]
[Round "10.62"]
[White "Barker, Arron"]
[Black "Dean, Robert A"]
[Result "0-1"]
[WhiteElo "1908"]
[BlackElo "1839"]
[PlyCount "72"]
[EventDate "2017.04.30"]
[WhiteTeam "Bradford DCA Knights B"]
[BlackTeam "Bradford DCA Knights C"]

1. e4 e6 2. d4 d5 3. Nd2 c5 4. dxc5 Bxc5 5. Nb3 Bb6 6. exd5 Qxd5 7. Qxd5 exd5
8. Nf3 Nf6 9. Bb5+ Bd7 10. Bxd7+ Nbxd7 11. O-O O-O 12. c3 Rfe8 13. Nfd4 Ne5 14.
a4 a5 15. Rb1 Nc4 16. h3 Ne4 17. Be3 Nxe3 18. fxe3 Nd6 19. Rfe1 Nc4 20. Kf2 Re4
21. Re2 Rae8 22. Rbe1 Ne5 23. Nc1 g6 24. b3 Nd7 25. Nd3 Nf6 26. Kf3 R4e7 27.
Nf2 Rc8 28. Nb5 Ne4 29. Nxe4 dxe4+ 30. Kf4 Rd8 31. Rc2 Rd3 32. g4 f6 33. Rce2
Kg7 34. h4 Rxc3 35. b4 axb4 36. Kg3 Rd3 0-1

[Event "4NCL Division 3 North"]
[Site "Wakefield, ENG"]
[Date "2017.04.30"]
[Round "10.63"]
[White "Procter, Colin S"]
[Black "Gardiner, Eric D"]
[Result "0-1"]
[WhiteElo "1800"]
[BlackElo "1947"]
[PlyCount "70"]
[EventDate "2017.04.30"]
[WhiteTeam "Bradford DCA Knights C"]
[BlackTeam "Bradford DCA Knights B"]

1. d4 d6 2. Bf4 Nf6 3. Nc3 Nbd7 4. Nf3 Nh5 5. Bg5 h6 6. Bh4 g5 7. Bg3 Bg7 8. e3
Nxg3 9. hxg3 c5 10. d5 a6 11. a4 Qa5 12. Qd2 b5 13. Ne4 Qxd2+ 14. Nfxd2 bxa4
15. Nc4 Rb8 16. c3 Nb6 17. Be2 Nxc4 18. Bxc4 Rxb2 19. O-O f5 20. Nxc5 dxc5 21.
Rxa4 Bd7 22. Rxa6 Bb5 23. Bxb5+ Rxb5 24. Rd1 O-O 25. Rc6 Bxc3 26. d6 exd6 27.
Rdxd6 Bg7 28. Rd7 Rf7 29. Rd8+ Kh7 30. Rd5 Bf8 31. Rc8 Rb1+ 32. Kh2 Rf1 33.
Rdd8 Kg7 34. Rd2 g4 35. Re2 Rb7 0-1

[Event "4NCL Division 3 North"]
[Site "Wakefield, ENG"]
[Date "2017.04.30"]
[Round "10.64"]
[White "Slinger, Tony J"]
[Black "Winter, Kevin"]
[Result "1/2-1/2"]
[WhiteElo "1905"]
[BlackElo "1795"]
[PlyCount "48"]
[EventDate "2017.04.30"]
[WhiteTeam "Bradford DCA Knights B"]
[BlackTeam "Bradford DCA Knights C"]

1. e4 d6 2. d4 Nf6 3. Nc3 Nbd7 4. g4 h6 5. h3 e5 6. Bg2 c6 7. Nge2 Be7 8. Be3
Qa5 9. O-O b5 10. Ng3 g5 11. Nce2 Nb6 12. b3 Bd7 13. Nf5 Bxf5 14. exf5 e4 15.
Bd2 Qa6 16. Nc3 d5 17. a4 bxa4 18. Nxa4 Nxa4 19. Rxa4 Qb7 20. Qe2 h5 21. f3
hxg4 22. fxg4 Nd7 23. Be3 f6 24. Rfa1 Bd6 1/2-1/2

[Event "4NCL Division 3 North"]
[Site "Wakefield, ENG"]
[Date "2017.04.30"]
[Round "10.65"]
[White "Adam, David W"]
[Black "Johnson, Paul A"]
[Result "0-1"]
[WhiteElo "1757"]
[BlackElo "1887"]
[Annotator "Barnes,Lara"]
[PlyCount "76"]
[EventDate "2017.04.30"]
[WhiteTeam "Bradford DCA Knights C"]
[BlackTeam "Bradford DCA Knights B"]

1. c4 e5 2. d3 Nf6 3. g3 Nc6 4. Bg2 Bb4+ 5. Bd2 Bxd2+ 6. Qxd2 O-O 7. e4 d6 8.
Ne2 Bd7 9. Nbc3 Qc8 10. O-O Bh3 11. f3 Bxg2 12. Kxg2 Ne8 13. Nd5 f5 14. b4 Nf6
15. Nec3 Nxd5 16. Nxd5 Qd7 17. b5 Nd4 18. exf5 Rxf5 19. Ne3 Rf7 20. Nc2 Nxc2
21. Qxc2 Raf8 22. Rf2 g5 23. Raf1 Rf6 24. Qd2 h6 25. a4 c6 26. d4 Qc7 27. dxe5
dxe5 28. Qc3 cxb5 29. axb5 Qc5 30. Re2 g4 31. Rxe5 gxf3+ 32. Rxf3 Rxf3 33. Qxf3
Qxe5 34. Qxb7 Qe2+ 35. Kh3 Qh5+ 36. Kg2 Rd8 37. Qe4 Rd2+ 38. Kf1 Qd1+ 0-1

[Event "4NCL Division 3 North"]
[Site "Wakefield, ENG"]
[Date "2017.04.30"]
[Round "10.66"]
[White "Patrick, David A"]
[Black "Clarke, Paul Rh"]
[Result "0-1"]
[WhiteElo "1878"]
[BlackElo "1745"]
[PlyCount "106"]
[EventDate "2017.04.30"]
[WhiteTeam "Bradford DCA Knights B"]
[BlackTeam "Bradford DCA Knights C"]

1. e4 d5 2. exd5 Qxd5 3. Nc3 Qd8 4. d4 Nf6 5. Nf3 Bg4 6. Be2 e6 7. h3 Bxf3 8.
Bxf3 c6 9. Bg5 Be7 10. Qd2 Nd5 11. Bxe7 Nxe7 12. O-O-O Nd7 13. Qg5 Nf5 14. h4
Qxg5+ 15. hxg5 O-O-O 16. g4 Ne7 17. Ne4 Nb6 18. b3 Nbd5 19. c4 Nf4 20. c5 Kc7
21. Nd6 Rd7 22. Rh2 Nc8 23. Nc4 f6 24. gxf6 gxf6 25. Rh6 Rf7 26. Kc2 Ng6 27. b4
a6 28. a4 Rd8 29. b5 axb5 30. axb5 cxb5 31. Na5 b6 32. Nc6 Rdd7 33. cxb6+ Kxb6
34. Nb4 Rc7+ 35. Kb3 Nd6 36. Ra1 Ra7 37. Re1 Nf8 38. Nc6 Rac7 39. Nb4 Nc4 40.
Re2 Ra7 41. Rh1 Ra3+ 42. Kc2 Rxf3 43. d5 e5 44. Nc6 Kc5 45. Rd1 Rd7 46. g5 Rxd5
47. Rxd5+ Kxd5 48. Ne7+ Ke6 49. gxf6 Kxf6 50. Nd5+ Kg5 51. Nc7 b4 52. Nd5 b3+
53. Kb1 Rd3 0-1

[Event "4NCL Division 3 North"]
[Site "Wakefield, ENG"]
[Date "2017.04.30"]
[Round "10.71"]
[White "McLean, Robert"]
[Black "Ackley, Peter J E"]
[Result "1-0"]
[WhiteElo "1967"]
[BlackElo "2002"]
[PlyCount "97"]
[EventDate "2017.04.30"]
[WhiteTeam "3Cs 3"]
[BlackTeam "Spirit of Atticus B"]

1. e4 g6 2. d4 Bg7 3. Nc3 d6 4. Be3 a6 5. Qd2 b5 6. h4 h5 7. f3 Bb7 8. Nh3 Nd7
9. Ng5 Rc8 10. a4 b4 11. Bc4 e6 12. Ne2 c5 13. dxc5 dxc5 14. O-O-O Ne5 15.
Qxd8+ Rxd8 16. Rxd8+ Kxd8 17. Bxe6 fxe6 18. Nxe6+ Ke7 19. Nxg7 Kf7 20. Bxc5 Nf6
21. Bxb4 Kxg7 22. Bc3 Re8 23. Rd1 Kf7 24. Rd6 Re6 25. Rxe6 Kxe6 26. Nf4+ Kd6
27. Kd1 Bc6 28. b3 Be8 29. Ke2 Bf7 30. Nh3 Nfd7 31. Ng5 Bg8 32. Ke3 Nf7 33.
Bb4+ Kc6 34. Ne6 Nfe5 35. Nd4+ Kb6 36. Kf4 Nc6 37. Nxc6 Kxc6 38. g4 Nc5 39.
gxh5 gxh5 40. Kf5 Nxb3 41. cxb3 Bxb3 42. Kg6 Bd1 43. f4 Bf3 44. Kf5 Kd7 45. Ke5
Bd1 46. Kf6 Bxa4 47. e5 Bb3 48. f5 Bd1 49. Kf7 1-0

[Event "4NCL Division 3 North"]
[Site "Wakefield, ENG"]
[Date "2017.04.30"]
[Round "10.72"]
[White "Johnson, Michael D"]
[Black "Gittens, Nathan L"]
[Result "1-0"]
[WhiteElo "1979"]
[BlackElo "1826"]
[PlyCount "83"]
[EventDate "2017.04.30"]
[WhiteTeam "Spirit of Atticus B"]
[BlackTeam "3Cs 3"]

1. Nf3 d5 2. g3 Bg4 3. Bg2 Nd7 4. d4 Ngf6 5. Ne5 Bh5 6. c4 c6 7. cxd5 Nxd5 8.
Bxd5 cxd5 9. Qa4 f6 10. Nd3 e6 11. Nc3 Be7 12. Qb3 Qc8 13. Bd2 Nb6 14. Qb5+ Qc6
15. b3 O-O 16. Qxc6 bxc6 17. O-O Nd7 18. f3 c5 19. e3 cxd4 20. exd4 Bf7 21.
Rfe1 Rfe8 22. Nb5 Rec8 23. Rac1 a6 24. Nc7 Ba3 25. Nxa8 Bxc1 26. Rxc1 Rxa8 27.
Rc7 Be8 28. Ba5 e5 29. Nb4 exd4 30. f4 f5 31. Nxd5 Kf7 32. Nb6 Rd8 33. Nc8 d3
34. Kf2 d2 35. Ke2 Kf8 36. Bb4+ Kf7 37. Bxd2 Kg6 38. Bc3 Nf6 39. Ne7+ Kh5 40.
Nxf5 Bb5+ 41. Ke1 Ne4 42. Rxg7 1-0

[Event "4NCL Division 3 North"]
[Site "Wakefield, ENG"]
[Date "2017.04.30"]
[Round "10.73"]
[White "Denisov, Seny D"]
[Black "Cooper, John G"]
[Result "1-0"]
[WhiteElo "1803"]
[BlackElo "1953"]
[Annotator "Barnes,Lara"]
[PlyCount "47"]
[EventDate "2017.04.30"]
[WhiteTeam "3Cs 3"]
[BlackTeam "Spirit of Atticus B"]

1. e4 c5 2. Nf3 Nc6 3. d4 cxd4 4. Nxd4 e5 5. Nf3 Nf6 6. Bg5 Qa5+ 7. Bd2 Qd8 8.
Nc3 d5 9. exd5 Nxd5 10. Bc4 Be6 11. Qe2 Nxc3 12. Bxc3 Bxc4 13. Qxc4 Bd6 14.
O-O-O Qe7 15. Rhe1 f6 16. Nd4 Nxd4 17. Bxd4 Qc7 18. Qb5+ Ke7 19. f4 Rac8 20. c3
a6 21. fxe5 axb5 22. exd6+ Kxd6 23. Bb6+ Kc6 24. Re6+ 1-0

[Event "4NCL Division 3 North"]
[Site "Wakefield, ENG"]
[Date "2017.04.30"]
[Round "10.74"]
[White "Buckley, Colm"]
[Black "Denisov, Denis"]
[Result "1-0"]
[WhiteElo "1936"]
[BlackElo "1757"]
[PlyCount "107"]
[EventDate "2017.04.30"]
[WhiteTeam "Spirit of Atticus B"]
[BlackTeam "3Cs 3"]

1. d4 Nf6 2. c4 e6 3. Nf3 Bb4+ 4. Bd2 Qe7 5. e3 Ne4 6. Bd3 Nxd2 7. Nbxd2 Bxd2+
8. Qxd2 d6 9. Qc2 h6 10. c5 Nc6 11. O-O O-O 12. a3 a5 13. Nd2 e5 14. d5 Nb8 15.
b4 Na6 16. Bxa6 Rxa6 17. b5 Ra8 18. Rac1 Bg4 19. f3 Bh5 20. a4 Qg5 21. Qc3 Bg6
22. cxd6 cxd6 23. Nc4 Rfc8 24. Qd2 Qd8 25. e4 b6 26. Ne3 f6 27. Rc6 Be8 28.
Rxc8 Rxc8 29. Rc1 Rc5 30. Rxc5 dxc5 31. Nc4 Bf7 32. f4 exf4 33. Qxf4 Bg6 34.
Qg4 Bf7 35. Kf2 g5 36. h3 h5 37. Qf3 Kg7 38. g4 h4 39. Ne3 Bg6 40. Nc4 Bf7 41.
Ke3 Qb8 42. Qf2 Qd8 43. Qh2 Bxd5 44. exd5 Qxd5 45. Nd2 Qd4+ 46. Ke2 Qxa4 47.
Qc7+ Kg6 48. Qxb6 Qa3 49. Qe6 Qxh3 50. b6 Qg3 51. Ne4 Qg2+ 52. Nf2 Qg3 53. Qe4+
Kg7 54. b7 1-0

[Event "4NCL Division 3 North"]
[Site "Wakefield, ENG"]
[Date "2017.04.30"]
[Round "10.75"]
[White "Smith, Len"]
[Black "Bromley, Graham J"]
[Result "1-0"]
[WhiteElo "1690"]
[BlackElo "1847"]
[Annotator "Barnes,Lara"]
[PlyCount "71"]
[EventDate "2017.04.30"]
[WhiteTeam "3Cs 3"]
[BlackTeam "Spirit of Atticus B"]

1. d4 Nf6 2. c4 g6 3. Nc3 Bg7 4. e4 d6 5. Be2 O-O 6. Nf3 Nbd7 7. O-O e5 8. d5
Nc5 9. Bg5 h6 10. Bxf6 Bxf6 11. Ne1 Bg5 12. b4 Na6 13. a3 c5 14. Nd3 f5 15. Qb3
b6 16. f4 exf4 17. e5 dxe5 18. Nxe5 Qf6 19. Nf3 Bd7 20. Rae1 Rae8 21. b5 Re3
22. Qa4 Qxc3 23. Qxa6 Rfe8 24. Qxa7 Rxe2 25. Rxe2 Rxe2 26. Qxd7 Qxc4 27. Qc8+
Kg7 28. d6 Qc2 29. Qc7+ Kg8 30. Qc8+ Kg7 31. Qc7+ Kg8 32. d7 Rxg2+ 33. Kh1 Qe2
34. d8=Q+ Bxd8 35. Qxd8+ Kg7 36. Qd7+ {time} 1-0

[Event "4NCL Division 3 North"]
[Site "Wakefield, ENG"]
[Date "2017.04.30"]
[Round "10.76"]
[White "Lloyd, Stephen M"]
[Black "Moorcroft, Karl"]
[Result "1-0"]
[WhiteElo "1787"]
[BlackElo "1660"]
[Annotator "Barnes,Lara"]
[PlyCount "49"]
[EventDate "2017.04.30"]
[WhiteTeam "Spirit of Atticus B"]
[BlackTeam "3Cs 3"]

1. d4 Nf6 2. Nf3 e6 3. e3 c5 4. Bd3 Be7 5. O-O d5 6. b3 cxd4 7. exd4 O-O 8. Bb2
b6 9. Nbd2 Ba6 10. Bxa6 Nxa6 11. Qe2 Nc7 12. Ne5 Bd6 13. f4 b5 14. Rf3 a6 15.
Rh3 Rc8 16. g4 Nce8 17. Qd3 g6 18. Rf1 Bxe5 19. fxe5 Nxg4 20. Ba3 Qb6 21. Bxf8
Rxc2 22. Qxc2 Qxd4+ 23. Kh1 Nf2+ 24. Rxf2 Qxf2 25. Bc5 1-0

[Event "4NCL Division 3 North"]
[Site "Wakefield, ENG"]
[Date "2017.04.30"]
[Round "10.203"]
[White "Delaney, Killian"]
[Black "Reeve, Andy K"]
[Result "1/2-1/2"]
[WhiteElo "2257"]
[BlackElo "2155"]
[PlyCount "64"]
[EventDate "2017.04.30"]
[WhiteTeam "Gonzaga"]
[BlackTeam "3Cs 2"]

1. e4 d6 2. d4 Nf6 3. Nc3 c6 4. f4 Qa5 5. Bd3 e5 6. Nf3 exd4 7. Nxd4 g6 8. O-O
Bg7 9. Kh1 O-O 10. f5 b5 11. Qe1 a6 12. Qh4 c5 13. Nf3 Nbd7 14. Bh6 Bb7 15. Ng5
Rae8 16. Rf3 Qd8 17. fxg6 fxg6 18. Nd5 Bxd5 19. exd5 Ne5 20. Rff1 Bxh6 21. Qxh6
Nf7 22. Nxf7 Rxf7 23. Bxg6 hxg6 24. Qxg6+ Rg7 25. Qxf6 Qxf6 26. Rxf6 Re2 27.
Rxd6 Rgxg2 28. Rg1 Rxg1+ 29. Kxg1 Rxc2 30. Rxa6 Rxb2 31. Rc6 c4 32. a3 Rc2
1/2-1/2

[Event "4NCL Division 3 North"]
[Site "Wakefield, ENG"]
[Date "2017.04.30"]
[Round "10.206"]
[White "Adams, Philip"]
[Black "Murray, David"]
[Result "1-0"]
[WhiteElo "2057"]
[BlackElo "2148"]
[Annotator "Barnes,Lara"]
[PlyCount "45"]
[EventDate "2017.04.30"]
[WhiteTeam "3Cs 2"]
[BlackTeam "Gonzaga"]

1. e4 c5 2. Nf3 Nc6 3. c3 Nf6 4. e5 Nd5 5. Bc4 e6 6. d4 cxd4 7. cxd4 d6 8. O-O
Be7 9. exd6 Qxd6 10. Nc3 Nxc3 11. bxc3 O-O 12. Re1 Bf6 13. a4 Rd8 14. Ng5 Qc7
15. Bd3 g6 16. Qf3 Bg7 17. Ne4 b6 18. Bg5 Rf8 19. Nf6+ Kh8 20. Qh3 h5 21. Nxh5
e5 22. Qh4 f5 23. Nf6+ 1-0

[Event "4NCL Division 3 North"]
[Site "Wakefield, ENG"]
[Date "2017.04.30"]
[Round "10.209"]
[White "Freeman, Gordon"]
[Black "Rita, Joao"]
[Result "0-1"]
[WhiteElo "2113"]
[BlackElo "1917"]
[PlyCount "84"]
[EventDate "2017.04.30"]
[WhiteTeam "Gonzaga"]
[BlackTeam "3Cs 2"]

1. d4 Nf6 2. Nf3 g6 3. Bg5 Bg7 4. Nbd2 d5 5. e3 c5 6. c3 cxd4 7. exd4 Nc6 8.
Bd3 Qc7 9. O-O Bf5 10. Qe2 Bxd3 11. Qxd3 O-O 12. Rfe1 e6 13. Re2 b5 14. Rc1 a5
15. h4 Ng4 16. h5 Nxd4 17. Ree1 Nc6 18. hxg6 hxg6 19. Qxb5 a4 20. Nf1 Nce5 21.
Qe2 Qc4 22. Nxe5 Nxe5 23. Ne3 Qxa2 24. Be7 Rfb8 25. Bb4 Nc4 26. Nc2 Nxb2 27.
Ne3 Qb3 28. Ng4 d4 29. Qf3 Ra7 30. Nf6+ Bxf6 31. Qxf6 Qd5 32. Re5 Qd8 33. Qf4
Nd3 34. Qg3 Nxb4 35. cxb4 Rxb4 36. Rec5 Rb8 37. Rc7 Rxc7 38. Rxc7 d3 39. Qf4
Qe8 40. Rc3 Rd8 41. Qf6 Rd5 42. Rc4 d2 0-1

[Event "4NCL Division 3 North"]
[Site "Wakefield, ENG"]
[Date "2017.04.30"]
[Round "10.201"]
[White "Clarke, Stuart W"]
[Black "O'Gorman, Tom"]
[Result "0-1"]
[WhiteElo "2248"]
[BlackElo "2229"]
[PlyCount "64"]
[EventDate "2017.04.30"]
[WhiteTeam "3Cs 2"]
[BlackTeam "Enniscorthy"]

1. e4 c5 2. c3 d5 3. exd5 Nf6 4. Qa4+ Bd7 5. Qb3 e6 6. Qxb7 exd5 7. Qxa8 Qc7 8.
a4 Bd6 9. Bb5 O-O 10. Nf3 Re8+ 11. Kd1 Nc6 12. Qxe8+ Bxe8 13. Re1 Ne4 14. Re2
c4 15. d3 cxd3 16. Bxd3 f5 17. Ne1 Ne5 18. Bb5 Bg6 19. Be3 Nc4 20. Bd4 Nc5 21.
Bxc4 dxc4 22. Nd2 Nd3 23. Nf1 Qb7 24. b4 f4 25. f3 Bxb4 26. cxb4 Qd7 27. Nc2
Nxb4 28. Rd2 Bxc2+ 29. Kc1 Bd3 30. Bc5 Qb7 31. a5 Qb5 32. Bd6 c3 0-1

[Event "4NCL Division 3 North"]
[Site "Wakefield, ENG"]
[Date "2017.04.30"]
[Round "10.204"]
[White "Plaza Reino, Mercedes"]
[Black "Siddall, Phil L"]
[Result "0-1"]
[WhiteElo "1771"]
[BlackElo "2155"]
[PlyCount "72"]
[EventDate "2017.04.30"]
[WhiteTeam "Enniscorthy"]
[BlackTeam "3Cs 2"]

1. d4 Nf6 2. Bf4 c5 3. e3 g6 4. Nf3 Bg7 5. c3 b6 6. h3 Bb7 7. Nbd2 O-O 8. Be2
d6 9. O-O Nbd7 10. Bh2 Rc8 11. Rc1 Rc7 12. Ne1 Qc8 13. Bf3 Ba6 14. Be2 c4 15.
Nc2 e5 16. Re1 Re8 17. Ra1 b5 18. a4 bxa4 19. Rxa4 Bb5 20. Ra5 a6 21. Na3 Nb6
22. Nxb5 axb5 23. Qa1 Qd7 24. dxe5 dxe5 25. Rd1 Qc6 26. Nf3 Nfd7 27. Ra3 Nc5
28. Nd2 Rd7 29. b3 e4 30. bxc4 b4 31. Ra2 bxc3 32. Nf1 c2 33. Rd4 Rxd4 34. exd4
Nb3 35. d5 Bxa1 36. dxc6 c1=Q 0-1

[Event "4NCL Division 3 North"]
[Site "Wakefield, ENG"]
[Date "2017.04.30"]
[Round "10.207"]
[White "Burton, Graham P"]
[Black "Kildea, Robbie"]
[Result "1-0"]
[WhiteElo "2005"]
[BlackElo "1729"]
[PlyCount "55"]
[EventDate "2017.04.30"]
[WhiteTeam "3Cs 2"]
[BlackTeam "Enniscorthy"]

1. e4 d5 2. exd5 Nf6 3. Nf3 Nxd5 4. d4 Bf5 5. Nh4 Qd7 6. c4 Nb4 7. Nxf5 Qxf5 8.
Nc3 N8c6 9. Be3 O-O-O 10. Be2 Nxd4 11. Bxd4 Qe4 12. O-O Rxd4 13. Qa4 Qxe2 14.
Qxa7 Nc6 15. Qa8+ Nb8 16. Nb5 Rd2 17. Na7+ Kd7 18. Qxb8 e5 19. Qc8+ Kd6 20.
Rae1 Qxc4 21. Qd8+ Ke6 22. Qxd2 Bb4 23. Qe2 Qc5 24. Rc1 Qxa7 25. Qc4+ Kf6 26.
Qxb4 Qxa2 27. Qxb7 Rd8 28. Qf3+ 1-0

[Event "4NCL Division 3 North"]
[Site "Wakefield, ENG"]
[Date "2017.04.30"]
[Round "10.202"]
[White "O'Gorman, Alice"]
[Black "Jessel, Stephen"]
[Result "0-1"]
[WhiteElo "1906"]
[BlackElo "2385"]
[PlyCount "58"]
[EventDate "2017.04.30"]
[WhiteTeam "Enniscorthy"]
[BlackTeam "Gonzaga"]

1. e4 e6 2. d4 d5 3. exd5 exd5 4. Bd3 c5 5. dxc5 Bxc5 6. Nf3 Nf6 7. O-O O-O 8.
Nc3 h6 9. h3 Nc6 10. a3 a6 11. Bf4 Re8 12. Re1 Be6 13. Qd2 Bf8 14. Ne2 Ne4 15.
Qc1 Qf6 16. Bxe4 dxe4 17. Nd2 Qg6 18. Ng3 f5 19. Ne2 Qf7 20. Nf1 g5 21. Bd2 f4
22. Nc3 e3 23. fxe3 f3 24. Nd1 fxg2 25. Kxg2 Bd5+ 26. e4 Rxe4 27. Rxe4 Bxe4+
28. Kg1 Qf3 29. Nfe3 Bc5 0-1

[Event "4NCL Division 3 North"]
[Site "Wakefield, ENG"]
[Date "2017.04.30"]
[Round "10.205"]
[White "Li, Henry"]
[Black "Pocevicius, Dovydas"]
[Result "1-0"]
[WhiteElo "2232"]
[BlackElo "1692"]
[PlyCount "39"]
[EventDate "2017.04.30"]
[WhiteTeam "Gonzaga"]
[BlackTeam "Enniscorthy"]

1. e4 Nc6 2. Nf3 e5 3. Bb5 a6 4. Ba4 Nf6 5. O-O Be7 6. Re1 O-O 7. Bxc6 dxc6 8.
Nxe5 h5 9. d3 Ng4 10. Nf3 c5 11. h3 Nf6 12. Nc3 Bd7 13. e5 Nh7 14. Ne4 f6 15.
c3 Ng5 16. Nfxg5 fxg5 17. Qxh5 Rf5 18. Ng3 Rf8 19. Qg6 Bc6 20. Nf5 1-0

[Event "4NCL Division 3 North"]
[Site "Wakefield, ENG"]
[Date "2017.04.30"]
[Round "10.208"]
[White "Copeland, Dean"]
[Black "Moran, Stephen"]
[Result "0-1"]
[WhiteElo "1571"]
[BlackElo "2117"]
[PlyCount "34"]
[EventDate "2017.04.30"]
[WhiteTeam "Enniscorthy"]
[BlackTeam "Gonzaga"]

1. e4 e6 2. d4 d5 3. Nc3 Nf6 4. e5 Nfd7 5. f4 c5 6. Nf3 Nc6 7. Be3 a6 8. Qd2 b5
9. O-O-O c4 10. h4 Qa5 11. Kb1 b4 12. Ne2 c3 13. Qc1 cxb2 14. Qxb2 Nb6 15. Bd2
Nc4 16. Qb3 Qb6 17. c3 N6a5 0-1